Statistics for 京王電鉄駅別乗降人員数ランキング

Click here to take the quiz!

General Stats

  • This quiz has been taken 71 times
  • The average score is 28 of 70

Answer Stats

路線乗降数駅名% Correct
京王線613,639新宿
100%
井の頭線274,505渋谷
98%
井の頭線122,831吉祥寺
98%
京王線109,110調布
95%
相模原線82,307橋本
93%
井の頭線102,137下北沢
91%
京王線75,924府中
82%
相模原線74,516京王多摩センター
82%
京王線80,296分倍河原
80%
京王線74,178千歳烏山
71%
京王線66,646笹塚
62%
相模原線52,585南大沢
62%
京王線54,749聖蹟桜ヶ丘
60%
京王線67,190仙川
58%
相模原線47,519京王稲田堤
53%
相模原線39,413京王永山
49%
動物園線4,207多摩動物公園
47%
京王線46,932京王八王子
47%
競馬場線1,794府中競馬正門前
45%
京王線47,988高幡不動
45%
京王線49,640初台
42%
京王線48,752明大前
40%
京王線38,162つつじヶ丘
40%
井の頭線36,028久我山
40%
京王線38,221下高井戸
40%
井の頭線28,086永福町
36%
井の頭線31,775駒場東大前
36%
相模原線19,389多摩境
36%
京王線31,746国領
35%
京王線31,663桜上水
35%
相模原線18,320稲城
35%
井の頭線6,320井の頭公園
35%
相模原線27,194京王堀之内
35%
相模原線23,048若葉台
35%
相模原線12,795京王よみうりランド
35%
京王線34,899八幡山
33%
相模原線13,949京王多摩川
33%
井の頭線25,480浜田山
31%
井の頭線10,194神泉
31%
井の頭線35,673高井戸
31%
井の頭線16,262西永福
29%
井の頭線14,378東松原
27%
京王線27,850幡ヶ谷
27%
井の頭線7,885新代田
27%
井の頭線18,309三鷹台
25%
井の頭線37,476明大前
25%
井の頭線12,135富士見ヶ丘
25%
京王線22,376高尾
24%
京王線23,040中河原
24%
井の頭線8,362池ノ上
24%
京王線3,570長沼
24%
京王線19,438北野
24%
京王線4,645山田
22%
京王線7,062百草園
22%
京王線4,724京王片倉
20%
京王線12,890芦花公園
20%
京王線22,229飛田給
20%
京王線12,459布田
20%
京王線7,259狭間
20%
京王線7,291平山城址公園
20%
京王線19,309東府中
18%
京王線9,354南平
18%
京王線9,492高尾山口
18%
京王線21,169武蔵野台
18%
京王線15,817柴崎
18%
京王線16,280代田橋
18%
京王線11,939多磨霊園
16%
京王線13,464めじろ台
15%
京王線13,730上北沢
15%
京王線15,112西調布
15%

Score Distribution

Percentile by Number Answered

Percent of People with Each Score

Your Score History

You have not taken this quiz